000
00305nam a2200121Ia 4500
008
220204s9999 xx 000 0 und d
082
_a
551.4+62
_b
COA
245
0
_a
Geomorphology and engineering.
260
_a
New York
_b
Dowen
_c
1976
650
_a
Geomorphology
700
_a
COATES, Donald R
942
_c
BK
999
_c
25629
_d
25629